[Event "12th Philadelphia International"]
[Site "Philadelphia"]
[Date "2018.07.02"]
[Round "8"]
[White "Liu, Zhaoqi"]
[Black "Lindgren, Philip"]
[Result "1/2-1/2"]
[WhiteElo "2163"]
[BlackElo "2394"]
[PlyCount "73"]
[EventDate "2018.06.??"]
[EventType "swiss"]
[EventRounds "9"]
[EventCountry "USA"]

1. c4 Nf6 2. Nc3 e6 3. d4 d5 4. Bg5 Nbd7 5. cxd5 exd5 6. e3 c6 7. Bd3 Be7 8.
Qc2 Nf8 9. Nge2 Ne6 10. Bh4 g6 11. O-O Ng7 12. f3 O-O 13. Rad1 Be6 14. e4 Rc8
15. Qd2 Re8 16. e5 Nd7 17. Bxe7 Qxe7 18. a3 a6 19. b4 b5 20. Ng3 f5 21. Nce2
Ra8 22. Ra1 Nb6 23. h4 Nc4 24. Qh6 Bf7 25. h5 Ne6 26. hxg6 hxg6 27. f4 Qf8 28.
Qh3 Ng7 29. Kf2 Be6 30. Bxc4 dxc4 31. Rh1 Kf7 32. Qh7 Qh8 33. Qxh8 Rxh8 34.
Rxh8 Rxh8 35. a4 Rd8 36. axb5 axb5 37. Ra7+ 1/2-1/2

[Event "12th Philadelphia International"]
[Site "Philadelphia"]
[Date "2018.07.02"]
[Round "9.1"]
[White "Sevian, Samuel"]
[Black "Sadorra, Julio Catalino"]
[Result "1-0"]
[WhiteElo "2624"]
[BlackElo "2546"]
[PlyCount "99"]
[EventDate "2018.06.??"]
[EventType "swiss"]
[EventRounds "9"]
[EventCountry "USA"]

1. e4 e6 2. d4 d5 3. Nc3 Bb4 4. e5 c5 5. a3 Ba5 6. Bd2 Nc6 7. Nb5 Bxd2+ 8. Qxd2
Nxd4 9. Nxd4 cxd4 10. Nf3 Ne7 11. Nxd4 O-O 12. f4 Nc6 13. Nf3 f6 14. O-O-O fxe5
15. fxe5 Bd7 16. Bd3 Qe8 17. Qg5 Qf7 18. Kb1 Qf4 19. h4 g6 20. Rh3 Qxg5 21.
hxg5 Kg7 22. Rh4 Rf7 23. Re1 Rh8 24. Reh1 Rff8 25. b4 Nd8 26. Ka2 a6 27. Kb3
Bb5 28. Bxb5 axb5 29. Nd4 Rf2 30. R1h2 Rf1 31. R2h3 Rb1+ 32. Ka2 Re1 33. Rc3
Rxe5 34. Rc7+ Nf7 35. Rf4 Rf8 36. Re7 Kg8 37. Nxe6 Rc8 38. Rfxf7 Rxe6 39. Rg7+
Kf8 40. Ref7+ Ke8 41. Rxb7 Kf8 42. Rxh7 Kg8 43. Rhc7 Rxc7 44. Rxc7 Re5 45. a4
bxa4 46. b5 Re6 47. Ka3 Kf8 48. Kxa4 Ke8 49. Ka5 Kd8 50. Rc5 1-0

[Event "12th Philadelphia International"]
[Site "Philadelphia"]
[Date "2018.07.02"]
[Round "9.2"]
[White "Puranik, Abhimanyu"]
[Black "Lenderman, Aleksandr"]
[Result "0-1"]
[WhiteElo "2507"]
[BlackElo "2615"]
[PlyCount "76"]
[EventDate "2018.06.??"]
[EventType "swiss"]
[EventRounds "9"]
[EventCountry "USA"]

1. e4 e5 2. Nf3 Nf6 3. Nxe5 d6 4. Nf3 Nxe4 5. Nc3 Nxc3 6. dxc3 Be7 7. Be3 O-O
8. Qd2 Nd7 9. O-O-O c6 10. c4 Nf6 11. h4 Re8 12. Bd3 d5 13. cxd5 Qxd5 14. c4
Qd8 15. h5 Qc7 16. h6 g6 17. Qc3 Rd8 18. Rhe1 Ne8 19. g3 Bf8 20. c5 Be6 21. Bf4
Qe7 22. Ng5 Nc7 23. Ne4 Nd5 24. Qe5 Bg4 25. Be2 Qxe5 26. Bxe5 Bxh6+ 27. f4 Bxe2
28. Rxe2 Bg7 29. g4 h6 30. Bd6 Re8 31. Rde1 b6 32. f5 Bd4 33. Rd1 bxc5 34. Rh1
Rad8 35. Bg3 Kg7 36. Rhe1 g5 37. Nd6 Rxe2 38. Rxe2 Nf4 0-1

[Event "12th Philadelphia International"]
[Site "Philadelphia"]
[Date "2018.07.02"]
[Round "9.3"]
[White "Bellahcene, Bilel"]
[Black "Vorontsov, Pavlo"]
[Result "1/2-1/2"]
[WhiteElo "2495"]
[BlackElo "2564"]
[PlyCount "111"]
[EventDate "2018.06.??"]
[EventType "swiss"]
[EventRounds "9"]
[EventCountry "USA"]

1. e4 d5 2. exd5 Qxd5 3. Nf3 Bg4 4. Be2 Nf6 5. h3 Bxf3 6. Bxf3 Qe5+ 7. Qe2
Qxe2+ 8. Kxe2 c6 9. Re1 Nbd7 10. Kf1 O-O-O 11. d4 e6 12. Nd2 Bd6 13. Nc4 Bc7
14. b3 Rhe8 15. Bb2 Nd5 16. g3 N5b6 17. Ne3 Nd5 18. Nc4 N5b6 19. Ne3 e5 20. Nf5
g6 21. Nh6 exd4 22. Bxd4 f6 23. Nf7 Rxe1+ 24. Rxe1 Rf8 25. Re7 h5 26. c4 Rg8
27. g4 hxg4 28. hxg4 Bd8 29. Nxd8 Kxd8 30. Rf7 Ke8 31. Rh7 Nc8 32. b4 Nd6 33.
b5 c5 34. Be3 Nf8 35. Bd5 Nxh7 36. Bxg8 Kf8 37. Bxc5 Kxg8 38. Bxd6 Ng5 39. Bf4
Ne6 40. Be3 a6 41. Ke2 Kf7 42. Kd3 f5 43. gxf5 gxf5 44. bxa6 bxa6 45. c5 Nd8
46. Kc4 Ke6 47. Bd2 Nc6 48. Bc3 Na7 49. a4 Nc6 50. f4 Nd8 51. Ba5 Nc6 52. Bd2
Nb8 53. c6 Kd6 54. c7 Kxc7 55. Kd5 Nc6 56. Bc3 1/2-1/2

[Event "12th Philadelphia International"]
[Site "Philadelphia"]
[Date "2018.07.02"]
[Round "9.4"]
[White "Erenburg, Sergey"]
[Black "Gurevich, Daniel"]
[Result "1-0"]
[WhiteElo "2563"]
[BlackElo "2462"]
[PlyCount "61"]
[EventDate "2018.06.??"]
[EventType "swiss"]
[EventRounds "9"]
[EventCountry "USA"]

1. e4 c6 2. d4 d5 3. e5 Bf5 4. Nf3 e6 5. Be2 Ne7 6. c3 Ng6 7. h4 h5 8. g3 Bg4
9. Nbd2 c5 10. Ng5 Bxe2 11. Qxe2 cxd4 12. cxd4 Ne7 13. O-O Nf5 14. Ndf3 Nc6 15.
Rd1 Be7 16. Be3 g6 17. Rac1 Kf8 18. Nh3 Qb6 19. Bg5 Bxg5 20. Nhxg5 Kg7 21. Qd2
Rac8 22. Rc3 Na5 23. Rdc1 Rxc3 24. Rxc3 Nc4 25. Qc1 Nxd4 26. Nxd4 Qxd4 27. Rf3
Re8 28. Rxf7+ Kg8 29. Qc2 Nxe5 30. Qc7 Ng4 31. Rf8+ 1-0

[Event "12th Philadelphia International"]
[Site "Philadelphia"]
[Date "2018.07.02"]
[Round "9"]
[White "Kovalyov, Anton"]
[Black "Coleman, Teddy"]
[Result "1-0"]
[WhiteElo "2651"]
[BlackElo "2380"]
[PlyCount "45"]
[EventDate "2018.06.??"]
[EventType "swiss"]
[EventRounds "9"]
[EventCountry "USA"]

1. c4 e6 2. g3 d5 3. Bg2 Nf6 4. Nf3 Be7 5. O-O O-O 6. b3 b6 7. Bb2 Bb7 8. e3 c5
9. Nc3 dxc4 10. bxc4 Nc6 11. Qe2 Qd7 12. Rad1 Rfd8 13. d4 cxd4 14. exd4 Na5 15.
d5 exd5 16. Nxd5 Nxd5 17. cxd5 Bd6 18. Qd3 Qg4 19. Nd2 Rac8 20. Ba1 Bf8 21.
Rfe1 Qa4 22. Qf5 Rd6 23. Ne4 1-0

[Event "12th Philadelphia International"]
[Site "Philadelphia"]
[Date "2018.07.02"]
[Round "9"]
[White "Liang, Awonder"]
[Black "Jacobson, Brandon"]
[Result "1/2-1/2"]
[WhiteElo "2571"]
[BlackElo "2303"]
[PlyCount "136"]
[EventDate "2018.06.??"]
[EventType "swiss"]
[EventRounds "9"]
[EventCountry "USA"]

1. Nf3 Nf6 2. g3 b6 3. Bg2 Bb7 4. O-O g6 5. d4 Bg7 6. c4 O-O 7. d5 Ne4 8. Qc2
f5 9. Rd1 Na6 10. Nd4 Qe8 11. Nc3 Nxc3 12. Qxc3 c5 13. dxc6 dxc6 14. Qa3 Nc7
15. c5 e5 16. Qb3+ Rf7 17. Nf3 Qe6 18. Ng5 Qxb3 19. axb3 Re7 20. cxb6 axb6 21.
Rxa8+ Bxa8 22. Rd8+ Re8 23. Rd7 Nd5 24. e4 Nf6 25. Ra7 c5 26. exf5 Bxg2 27.
Kxg2 gxf5 28. Nf7 Nd5 29. Bh6 Re7 30. Rxe7 Nxe7 31. Bxg7 Kxf7 32. Bxe5 Ke6 33.
Bc3 Ng6 34. h4 h5 35. Kh3 b5 36. f3 Kf7 37. g4 Nf4+ 38. Kh2 hxg4 39. fxg4 fxg4
40. Kg3 Ne2+ 41. Kxg4 Kg6 42. h5+ Kh7 43. b4 cxb4 44. Bd2 Nd4 45. Kf4 Nc6 46.
Kf5 Kg7 47. Ke4 Na5 48. Bxb4 Nc4 49. b3 Kh6 50. Kd4 Kxh5 51. Kc5 Kg6 52. Kxb5
Ne3 53. Bd2 Nc2 54. Kc4 Kf5 55. Kd3 Na3 56. Bb4 Nb5 57. Kc4 Nc7 58. Bd6 Ne8 59.
Kd5 Nf6+ 60. Kc6 Ke6 61. b4 Ne4 62. Bc5 Nc3 63. Bd4 Nd5 64. b5 Ne7+ 65. Kc5 Nc8
66. Be3 Kd7 67. Bf4 Na7 68. b6 Kc8 1/2-1/2

[Event "12th Philadelphia International"]
[Site "Philadelphia"]
[Date "2018.07.02"]
[Round "9"]
[White "Lou, Yiping"]
[Black "Chen, Peng"]
[Result "1/2-1/2"]
[WhiteElo "2484"]
[BlackElo "2297"]
[PlyCount "55"]
[EventDate "2018.06.??"]
[EventType "swiss"]
[EventRounds "9"]
[EventCountry "USA"]

1. d4 Nf6 2. c4 c5 3. d5 e6 4. Nc3 exd5 5. cxd5 d6 6. e4 g6 7. f3 Bg7 8. Nge2
O-O 9. Ng3 Na6 10. Be2 Nc7 11. O-O Rb8 12. a4 a6 13. Bg5 b5 14. Qd2 Bd7 15.
axb5 axb5 16. Qf4 Qe7 17. Bh6 b4 18. Nd1 Bxh6 19. Qxh6 Ra8 20. Ne3 Kh8 21. Nc4
Nb5 22. Nb6 Rab8 23. Nxd7 Nxd7 24. Bxb5 Rxb5 25. Ra7 Rfb8 26. f4 R5b7 27. Ra6
Rb6 28. Ra7 1/2-1/2

[Event "12th Philadelphia International"]
[Site "Philadelphia"]
[Date "2018.07.02"]
[Round "9"]
[White "Nestorovic, Nikola"]
[Black "Colas, Joshua"]
[Result "1-0"]
[WhiteElo "2476"]
[BlackElo "2285"]
[PlyCount "155"]
[EventDate "2018.06.??"]
[EventType "swiss"]
[EventRounds "9"]
[EventCountry "USA"]

1. e4 c5 2. Nf3 e6 3. d4 cxd4 4. Nxd4 a6 5. c4 Nf6 6. Nc3 Qc7 7. Be2 b6 8. f4
Bb7 9. Qd3 Bb4 10. Bf3 d6 11. Nc2 Bxc3+ 12. Qxc3 O-O 13. e5 dxe5 14. Qxe5 Qxe5+
15. fxe5 Bxf3 16. gxf3 Nfd7 17. f4 Rc8 18. b3 b5 19. Na3 Nc6 20. Be3 bxc4 21.
Nxc4 Nb4 22. Ke2 Rc6 23. Rhc1 Rac8 24. Bd2 Nd5 25. Nd6 Rxc1 26. Rxc1 Rxc1 27.
Bxc1 f6 28. exf6 gxf6 29. Bd2 Kf8 30. b4 Ke7 31. Nb7 f5 32. a4 N7b6 33. Nc5 Kd6
34. Kd3 Nc7 35. Kd4 Nbd5 36. Nb7+ Kc6 37. Na5+ Kd7 38. Nc4 Ne8 39. Kc5 Kc7 40.
b5 axb5 41. axb5 Nef6 42. Ba5+ Kb7 43. Nd6+ Kb8 44. Bd8 Nh5 45. b6 Nhxf4 46.
Kc6 Nxb6 47. Bc7+ Ka8 48. Bxb6 Nd3 49. Kd7 Ne5+ 50. Kxe6 Nf3 51. Kd7 Kb8 52. h3
h5 53. Nf7 Kb7 54. Bf2 f4 55. Kd6 Kc8 56. Kd5 Nd2 57. Ne5 Kd8 58. Be1 f3 59.
Bh4+ Ke8 60. Kd4 Kf8 61. Ke3 Nb3 62. Bf6 Kg8 63. Kxf3 Kh7 64. Kf4 Kh6 65. Bg5+
Kh7 66. Kg3 Nd4 67. Kh4 Ne2 68. Kxh5 Ng1 69. h4 Ne2 70. Kg4 Nd4 71. Nd7 Ne6 72.
Nf6+ Kg6 73. h5+ Kf7 74. Ne4 Kg8 75. Bf6 Nf8 76. Ng5 Nd7 77. Bd4 Nf8 78. h6 1-0

[Event "12th Philadelphia International"]
[Site "Philadelphia"]
[Date "2018.07.02"]
[Round "9"]
[White "Lindgren, Philip"]
[Black "Pressman, Leif"]
[Result "1-0"]
[WhiteElo "2394"]
[BlackElo "2275"]
[PlyCount "113"]
[EventDate "2018.06.??"]
[EventType "swiss"]
[EventRounds "9"]
[EventCountry "USA"]

1. c4 c6 2. Nf3 Nf6 3. Nc3 d5 4. e3 e6 5. Qc2 Nbd7 6. b3 Bd6 7. Be2 b6 8. Bb2
Bb7 9. d4 Qe7 10. O-O O-O 11. Rad1 Rac8 12. Rfe1 Rfe8 13. Bf1 c5 14. cxd5 Nxd5
15. Nxd5 Bxd5 16. e4 Bb7 17. d5 e5 18. g3 a6 19. a4 Red8 20. Bd3 Nf6 21. Qe2
Ra8 22. Nh4 g6 23. Ng2 Ne8 24. Ne3 f6 25. Rf1 Qc7 26. Ba1 Bf8 27. Bc4 Nd6 28.
f4 Bg7 29. Ng4 Qe7 30. Rf2 Rf8 31. Rdf1 h5 32. Ne3 b5 33. Bd3 exf4 34. Rxf4
Rae8 35. axb5 axb5 36. Bxb5 Nxb5 37. Qxb5 Bh6 38. d6 Bxf4 39. Rxf4 Qg7 40. d7
Rb8 41. Rxf6 Rxf6 42. Nd5 Bxd5 43. Bxf6 Qf8 44. Qxb8 Qxb8 45. exd5 Qa7 46.
d8=Q+ Kf7 47. Bb2 c4+ 48. Kg2 c3 49. Bxc3 Qa2+ 50. Kh3 Qc2 51. Qf6+ Ke8 52. d6
Kd7 53. Be5 Qd1 54. Qxg6 Qxb3 55. Qg7+ Kc6 56. Qc7+ Kd5 57. Qf7+ 1-0

[Event "12th Philadelphia International"]
[Site "Philadelphia"]
[Date "2018.07.02"]
[Round "9"]
[White "Lokander, Martin"]
[Black "Liu, Zhaoqi"]
[Result "1/2-1/2"]
[WhiteElo "2386"]
[BlackElo "2163"]
[PlyCount "39"]
[EventDate "2018.06.??"]
[EventType "swiss"]
[EventRounds "9"]
[EventCountry "USA"]

1. e4 e6 2. d4 d5 3. exd5 exd5 4. Nf3 Nf6 5. Bd3 Bd6 6. Qe2+ Be6 7. c4 dxc4 8.
Bxc4 Qe7 9. Bxe6 Qxe6 10. Qxe6+ fxe6 11. O-O Nc6 12. Re1 O-O-O 13. Rxe6 Bb4 14.
Nc3 Nxd4 15. Nxd4 Rxd4 16. Bg5 Bxc3 17. bxc3 Re4 18. Re1 Rxe1+ 19. Rxe1 Re8 20.
Rxe8+ 1/2-1/2

[Event "12th Philadelphia International"]
[Site "Philadelphia"]
[Date "2018.07.02"]
[Round "9"]
[White "Raja Harshit"]
[Black "Plotkin, Mark"]
[Result "0-1"]
[WhiteElo "2442"]
[BlackElo "2250"]
[PlyCount "90"]
[EventDate "2018.06.??"]
[EventType "swiss"]
[EventRounds "9"]
[EventCountry "USA"]

1. e4 g6 2. d4 Bg7 3. Nf3 d6 4. Nc3 Nf6 5. Be2 O-O 6. O-O Nc6 7. d5 Nb4 8. a3
Na6 9. Bxa6 bxa6 10. Nd4 e5 11. dxe6 fxe6 12. Qe2 Nh5 13. Qc4 Qd7 14. Be3 Kh8
15. Nde2 Bb7 16. Rad1 Qe7 17. b4 Nf6 18. h3 Rae8 19. Bd4 e5 20. Be3 c6 21. Qd3
Rd8 22. Bxa7 Nh5 23. Bb6 Rd7 24. Na4 Bc8 25. Qc4 Qg5 26. Rd3 Rdf7 27. Rg3 Nxg3
28. Nxg3 Bh6 29. Nc3 c5 30. Nce2 Qd2 31. bxc5 Rxf2 32. cxd6 Be3 33. Bxe3 Qxe3
34. Rxf2 Qxf2+ 35. Kh2 Qf6 36. Qb4 Rd8 37. Nc3 Qxd6 38. Nd5 Be6 39. c4 Qxb4 40.
axb4 Kg7 41. Ne2 Bxd5 42. exd5 Rb8 43. b5 axb5 44. c5 Kf7 45. Nc3 b4 0-1

[Event "12th Philadelphia International"]
[Site "Philadelphia"]
[Date "2018.07.02"]
[Round "9"]
[White "Song, Edward"]
[Black "Panchanatham, Vignesh"]
[Result "1-0"]
[WhiteElo "2275"]
[BlackElo "2431"]
[PlyCount "107"]
[EventDate "2018.06.??"]
[EventType "swiss"]
[EventRounds "9"]
[EventCountry "USA"]

1. e4 e6 2. d4 d5 3. Nd2 Be7 4. e5 c5 5. Qg4 Kf8 6. dxc5 Nc6 7. Ngf3 h5 8. Qg3
Nh6 9. Nb3 Nb4 10. Bd3 a5 11. O-O a4 12. Nbd4 Bd7 13. Be3 Rc8 14. a3 Nxd3 15.
cxd3 Rxc5 16. Rac1 Rxc1 17. Rxc1 Ng4 18. Bd2 Rg8 19. h3 Nh6 20. Bg5 Bxg5 21.
Nxg5 Qb6 22. Qf4 Ke7 23. Rc2 Rc8 24. Rxc8 Bxc8 25. Ngf3 Bd7 26. Qc1 Kf8 27. Kf1
Ng8 28. Qc3 Ne7 29. g3 f6 30. Ne2 Kf7 31. Nf4 d4 32. Qc2 Bc6 33. exf6 gxf6 34.
Qe2 e5 35. Nxh5 Qb5 36. Ne1 Bd7 37. g4 Qd5 38. Qf3 Qxf3 39. Nxf3 Nd5 40. Ke2
Ke6 41. Nh4 Be8 42. Nf5 Kd7 43. Nfg3 Ke6 44. Ng7+ Kf7 45. Nxe8 Nf4+ 46. Kd2
Kxe8 47. h4 Nh3 48. Nh5 Kf7 49. f4 exf4 50. Ke2 Kg6 51. Kf3 Ng1+ 52. Kf2 Nh3+
53. Kg2 f3+ 54. Kxh3 1-0

[Event "12th Philadelphia International"]
[Site "Philadelphia"]
[Date "2018.07.02"]
[Round "9"]
[White "Chasin, Nico"]
[Black "Wang, Justin"]
[Result "1/2-1/2"]
[WhiteElo "2123"]
[BlackElo "2356"]
[PlyCount "85"]
[EventDate "2018.06.??"]
[EventType "swiss"]
[EventRounds "9"]
[EventCountry "USA"]

1. d4 Nf6 2. c4 e6 3. Nc3 Bb4 4. e3 O-O 5. Nge2 d5 6. a3 Be7 7. Ng3 Re8 8. Bd3
dxc4 9. Bxc4 b6 10. Qf3 c6 11. O-O Bb7 12. Rd1 Nbd7 13. e4 c5 14. dxc5 Qc8 15.
Qe2 Bxc5 16. b4 Be7 17. Bf4 e5 18. Be3 Nf8 19. Rac1 Rd8 20. Bd5 Qb8 21. Nf5 Ng6
22. Nxe7+ Nxe7 23. Bb3 Rxd1+ 24. Rxd1 Qf8 25. f3 Bc6 26. Nb5 Ne8 27. a4 h6 28.
a5 a6 29. Nc3 bxa5 30. bxa5 Nc7 31. Bc4 Qe8 32. Nd5 Nb5 33. Qb2 Nxd5 34. exd5
Bd7 35. d6 Rc8 36. Qb3 Nd4 37. Qd3 Bf5 38. Qf1 Qc6 39. Bxa6 Ra8 40. Bd3 Bxd3
41. Qxd3 Qxd6 42. Bxd4 exd4 43. Qxd4 1/2-1/2

[Event "12th Philadelphia International"]
[Site "Philadelphia"]
[Date "2018.07.02"]
[Round "9"]
[White "Sarkar, Justin"]
[Black "King, Alexander"]
[Result "1/2-1/2"]
[WhiteElo "2297"]
[BlackElo "2236"]
[PlyCount "99"]
[EventDate "2018.06.??"]
[EventType "swiss"]
[EventRounds "9"]
[EventCountry "USA"]

1. e4 e6 2. d4 d5 3. Bd3 c5 4. exd5 exd5 5. Bb5+ Nc6 6. Ne2 a6 7. Bxc6+ bxc6 8.
O-O Bd6 9. dxc5 Bxc5 10. Nbc3 Ne7 11. Na4 Ba7 12. b3 Qd6 13. Bf4 Qf6 14. Qd2
O-O 15. Be3 Nf5 16. Bxa7 Rxa7 17. Rad1 Re8 18. Ng3 Rae7 19. Nc5 Nxg3 20. fxg3
Qb2 21. Nd3 Qd4+ 22. Qf2 Qc3 23. h3 Qa5 24. Rde1 f6 25. Rxe7 Rxe7 26. Qc5 Qxc5+
27. Nxc5 Re3 28. Rf3 Rxf3 29. gxf3 Bxh3 30. Nxa6 Bc8 31. Nc5 Kf7 32. a4 Ke7 33.
a5 Kd6 34. b4 Kc7 35. g4 g5 36. Kf2 f5 37. Kg3 Kb8 38. Nb3 Kb7 39. Nd4 fxg4 40.
fxg4 Bd7 41. Nf3 h6 42. Ne5 Be8 43. c4 dxc4 44. Nxc4 Ka6 45. Nd6 Bd7 46. Nf7 c5
47. bxc5 Kxa5 48. Nxh6 Kb5 49. Nf7 Kxc5 50. Nxg5 1/2-1/2

[Event "12th Philadelphia International"]
[Site "Philadelphia"]
[Date "2018.07.02"]
[Round "9"]
[White "Flom, Gabriel"]
[Black "Mathur, Rithwik"]
[Result "0-1"]
[WhiteElo "2512"]
[BlackElo "2095"]
[PlyCount "63"]
[EventDate "2018.06.??"]
[EventType "swiss"]
[EventRounds "9"]
[EventCountry "USA"]

1. d4 Nf6 2. Bg5 d5 3. Nd2 c6 4. e3 Bg4 5. Ngf3 Nbd7 6. c4 e6 7. Qb3 Qb6 8. c5
Qxb3 9. axb3 h6 10. Bxf6 Nxf6 11. b4 a6 12. b5 cxb5 13. Bxb5+ Ke7 14. Ne5 Bf5
15. b4 Ng4 16. Nxg4 Bxg4 17. Bd3 Rb8 18. h3 Bf5 19. Bxf5 exf5 20. Ke2 Kd7 21.
Nf3 g6 22. b5 axb5 23. Ne5+ Ke6 24. Nd3 g5 25. Rhb1 Bg7 26. Rxb5 Rhc8 27. Ra7
Rc7 28. Nb4 Rd7 29. Rb6+ Ke7 30. Nc6+ bxc6 31. Rxd7+ Kxd7 32. Rxb8 0-1

[Event "12th Philadelphia International"]
[Site "Philadelphia"]
[Date "2018.07.02"]
[Round "9"]
[White "Shibata, Robert"]
[Black "Liang, Hairan"]
[Result "0-1"]
[WhiteElo "1893"]
[BlackElo "2169"]
[PlyCount "73"]
[EventDate "2018.06.??"]
[EventType "swiss"]
[EventRounds "9"]
[EventCountry "USA"]

1. e4 c5 2. Nf3 Nc6 3. c4 g6 4. d4 cxd4 5. Nxd4 Bg7 6. Be3 Nf6 7. Nc3 d6 8. Be2
O-O 9. Qd2 Bd7 10. f3 a5 11. b3 Nxd4 12. Bxd4 Bc6 13. O-O Nd7 14. Be3 Nc5 15.
Rab1 e6 16. a3 a4 17. b4 Nb3 18. Qd3 Qf6 19. Na2 d5 20. cxd5 exd5 21. b5 Bd7
22. Qxd5 Be6 23. Qd1 Rfd8 24. Qe1 Nd2 25. Bxd2 Qd4+ 26. Kh1 Bxa2 27. Ba5 Bxb1
28. Bxd8 Rxd8 29. Qxb1 Qe3 30. Rd1 Rxd1+ 31. Qxd1 Qxa3 32. g3 Qe3 33. Bc4 Bd4
34. Bd5 a3 35. Kg2 Qf2+ 36. Kh3 h5 37. Bxb7 0-1

[Event "12th Philadelphia International"]
[Site "Philadelphia"]
[Date "2018.07.02"]
[Round "9"]
[White "Polgar-Shutzman, Tom"]
[Black "Mishra, Abhimanyu"]
[Result "1/2-1/2"]
[WhiteElo "2081"]
[BlackElo "2000"]
[PlyCount "128"]
[EventDate "2018.06.??"]
[EventType "swiss"]
[EventRounds "9"]
[EventCountry "USA"]

1. e4 c5 2. Nf3 e6 3. g3 Nc6 4. Bg2 Nf6 5. Qe2 d5 6. exd5 Nxd5 7. O-O Be7 8.
Rd1 Bf6 9. Nc3 O-O 10. Ne4 Be7 11. d4 cxd4 12. Nxd4 Nxd4 13. Rxd4 Nf4 14. Nf6+
Bxf6 15. Rxf4 Qe7 16. c3 Rb8 17. Be3 b6 18. Ra4 a5 19. Bc6 Bd7 20. Qb5 Bxc6 21.
Qxc6 Rfc8 22. Qb5 Qb7 23. Ra3 Qc6 24. Rb3 Qd6 25. Re1 e5 26. Qa6 Rc6 27. Qa7 h6
28. c4 Rxc4 29. Bxb6 Rbc8 30. Qxa5 e4 31. Be3 Rc2 32. Qf5 Re8 33. Rb6 Qd8 34.
Qg4 Kh7 35. Rd1 Qe7 36. Qf5+ Kg8 37. Rd7 Qe5 38. Qxe5 Bxe5 39. Rd2 Rec8 40. Rb4
Rxd2 41. Bxd2 Rc2 42. Rxe4 Rxd2 43. Rxe5 Rxb2 44. Ra5 Kh7 45. h4 g6 46. Kg2 h5
47. Ra7 Kg7 48. Kf3 Rb1 49. Ra8 Rb2 50. Ke3 Kf6 51. a4 Ra2 52. a5 Kg7 53. a6
Kf6 54. Kf3 Kg7 55. Ke4 Rxf2 56. Rb8 Ra2 57. Rb6 Ra5 58. Kd4 g5 59. Kc4 gxh4
60. gxh4 f5 61. Kb4 Ra1 62. Kb5 f4 63. Rc6 f3 64. Rc2 Kg6 1/2-1/2